1718 1238 1157 1358 1890 1026 1796 1354 1833 1730 1493 1320 1122 1886 1440 1815 1230 1991 1366 1478 1306 1510 1091 1275 1316 1407 1601 1500 1437 1427 1512 1034 1294 1130 1373 1917 1112 1780 1290 1126 1058 1416 1260 1383 1300 1574 1051 1554 1634 1006 1292 1685 1349 1608 1519 1246 1267 1237 1578 1225 1431 1691 1408 1829 1930 1048 1759 1626 1198 1748 1968 1295 1658 1763 1153 1114 1787 1067 1051 1237 1732 1202 1020 1598 1062 1937 1341 1265 1764 1234 1016 1500 1155 1999 1463 1187 1523 1685 1218 BCNSPRNW ULIB Ver.6.0+V

เปลี่ยนเป็นภาษาไทย

Change to English
 แสดงรายละเอียดบรรณานุกรม
  กลับหน้าหลัก

Brief Record : Get Marc (ISO 2709) : E-mail record : QR code < ปิดหน้าต่าง
LEADER : 00000nam 2200000uu 4500
001    13399123633
003     ULIB
008    141021s2553||||th 000 0 tha d
020    ^a9786167375397
060  0 ^aWS320^bส236ค
100 0  ^aสมจิตร์ จารุรัตนศิริกุล
245 00 ^aความผิดปกติของพัฒนาการระบบอวัยวะเพศ/^cโดย สมจิตร์ จารุรัตนศิริกุล
246 0  ^aDisorders for sex development
250    ^aพิมพ์ครั้งที่ 3
260    ^aสงขลา:^bชานเมืองการพิมพ์,^c2553.
300    ^a151 หน้า
650  0 ^aอวัยวะสืบพันธุ์^xในวัยทารกและวัยเด็ก
945    ^p200^l0^i21597
945    ^p200^l0^i21598
945    ^p200^l0^i21599
945    ^p200^l0^i21600
945    ^p200^l0^i21601
999    ^aทศพร เกษรทอง
รายการนี้ยังไม่มีแท็ก
คุณยังไม่ได้ล็อกอิน คุณสามารถมีกิจกรรมร่วมกับเว็บไซต์ได้ แต่ต้องล็อกอินก่อน ::
  ล็อกอิน

รายการสื่อสารสนเทศ

ลำดับที่ ประเภท เลขเรียก/บาร์โค้ด สถานที่ สถานะ
1. วิทยาศาสตร์การแพทย์ และสุขภาพ
วิทยาศาสตร์การแพทย์ และสุขภาพ
สถานะ=หนังสือเก่า
WS320 ส236ค ฉ.1 
  Barcode: 21597
ห้องสมุดวิทยาเขตนครสวรรค์
►ส่วนจัดเก็บหนังสือเก่า นว.
บนชั้น
  ขอยืม
2. วิทยาศาสตร์การแพทย์ และสุขภาพ
วิทยาศาสตร์การแพทย์ และสุขภาพ
สถานะ=หนังสือเก่า
WS320 ส236ค ฉ.2 
  Barcode: 21598
ห้องสมุดวิทยาเขตนครสวรรค์
►ส่วนจัดเก็บหนังสือเก่า นว.
บนชั้น
  ขอยืม
3. วิทยาศาสตร์การแพทย์ และสุขภาพ
วิทยาศาสตร์การแพทย์ และสุขภาพ
สถานะ=หนังสือเก่า
WS320 ส236ค ฉ.3 
  Barcode: 21599
ห้องสมุดวิทยาเขตนครสวรรค์
►ส่วนจัดเก็บหนังสือเก่า นว.
บนชั้น
  ขอยืม
4. วิทยาศาสตร์การแพทย์ และสุขภาพ
วิทยาศาสตร์การแพทย์ และสุขภาพ
สถานะ=หนังสือเก่า
WS320 ส236ค ฉ.4 
  Barcode: 21600
ห้องสมุดวิทยาเขตนครสวรรค์
►ส่วนจัดเก็บหนังสือเก่า นว.
บนชั้น
  ขอยืม
5. วิทยาศาสตร์การแพทย์ และสุขภาพ
วิทยาศาสตร์การแพทย์ และสุขภาพ
สถานะ=หนังสือเก่า
WS320 ส236ค ฉ.5 
  Barcode: 21601
ห้องสมุดวิทยาเขตนครสวรรค์
►ส่วนจัดเก็บหนังสือเก่า นว.
บนชั้น
  ขอยืม

รายการใกล้เคียง
    ผู้แต่ง [สมจิตร์ จารุรัตนศิริกุล]

BibComment


ยังไม่เคยถูกคอมเมนท์

คอมเมนท์ทรัพยากรรายการนี้
  คอมเมนท์: ความผิดปกติของพั..


 Copyright 2026. Bcnsprnw @Library